| 000 | 00767nam a2200277Ia 4500 | ||
|---|---|---|---|
| 003 | OSt | ||
| 005 | 20220912151413.0 | ||
| 006 | a|||||r|||| 00| 0 | ||
| 007 | ta | ||
| 008 | 220909b |||||||| |||| 00| 0 eng d | ||
| 024 | _a30866 | ||
| 037 | _cTextual | ||
| 040 |
_aCSL _beng _cCSL |
||
| 041 | _aeng | ||
| 082 | _aB23:7, 122L4 | ||
| 100 | _aKnus Max-Albert | ||
| 245 | 0 | _aTheorie da la descente et algebres d'azumaya | |
| 260 |
_aBerlin _bSpringer-Verlag _c1974 |
||
| 300 |
_aiv, 163p. _ccm. |
||
| 490 | _aLecture notes in mathematics; 389 | ||
| 650 | _a Galois theory | ||
| 650 | _aMathematics | ||
| 700 | _a Ojanguren Manuel | ||
| 942 |
_hB23:7, 122L4 _cTEXL _2CC |
||
| 999 |
_c67684 _d67684 |
||